000 00910nam a2200265 a 4500
001 000003505
003 DO-SdBNP
005 20220831095610.0
007 ta
008 090709s2000 dr a 001 0 spa d
020 _a999348010X
040 _aDO-SdBNP
_bspa
_cBNPHU
082 4 _bM475p
_222
100 1 _aMaza Miquel, Manuel Pablo,
_d1945-
_910881
245 1 0 _aPor la vida y el honor :
_bel prebístero Félix Varela en las cortes de España 1822-1823 /
_cManuel Pablo Maza Miquel.
260 _aSanto Domingo, :
_bInstituto Pedro Francisco Bonó,
_c2000.
300 _a358 p. :
_bil. ;
_c24 cm.
500 _aIncluye referencias bibliográficas y notas al pie de las páginas
500 _aIncluye datos biográficos en la solapa
504 _aBibliografía : [345-348]
590 _aInventariado, 2022 / DG
700 1 _aHernández, José M.,
_eprólogo
_910882
910 _aDG
942 _2ddc
_cLBS1
999 _c3332
_d3332